000 00310nam a2200133 a 4500
001 4140
005 20140414132020.0
008 090218s19uu xx 00 eng d
050 _aTR 582.01
_bJ76 1992
100 _aJordan, Helene J.
245 _aHow a seed grows.
650 _aGermination
999 _c113453
_d113453